00408nam a2200193Ia 4500003000900000008004100009040001300050040001300063041000800076100001700084100001100101245003900112250000900151260001800160260000900178300001100187300001000198490000600208IT-RoPAU120407s9999 xx 000 0 und d aIT-RoPAU cIT-RoPAU aita aEmile Guerry carciv. aChiesa cattolica e comunismo ateo. aRoma aCittà Nuova c1961 a330 p. c21 cm v1